000
002160000a22000970004500
100
1
_a
Whaites, Alan
245
1
0
_a
Toward a policy for peace
300
_a
Núm 64 (1999), Páginas 16
773
0
_t
Together
942
_c
ANA
999
_c
57098
_d
57098